[Event "TUR-ch op"]
[Site "Antalya"]
[Date "2008.02.09"]
[Round "10.69"]
[White "Sever, Tayfun"]
[Black "Tekin, Gokberk"]
[Result "1-0"]
[WhiteElo "1764"]
[BlackElo "1448"]
[PlyCount "89"]
[EventDate "2008.02.04"]
[EventType "swiss"]
[EventRounds "11"]
[EventCountry "TUR"]
[SourceTitle "CBM 122 Extra"]
[Source "ChessBase"]
[SourceDate "2008.03.04"]
[SourceVersion "1"]
[SourceVersionDate "2008.03.04"]
[SourceQuality "1"]

1. e4 d5 2. exd5 Qxd5 3. Nc3 Qa5 4. d4 c6 5. Bf4 Bf5 6. Bd3 Nf6 7. Nge2 e6 8. a3 Bxd3 9. Qxd3 Nbd7 10. 0-0 Be7 11. b4 Qb6 12. Na4 Qd8 13. Nc5 Nxc5 14. bxc5 0-0 15. Rfd1 Nd5 16. Bg3 Bh4 17. Bd6 Be7 18. Qg3 b5 19. Bf4 Nxf4 20. Nxf4 Bf6 21. c3 g6 22. Nd3 Qd5 23. Nb4 Qd7 24. Qf3 Bg7 25. Qxc6 Qxc6 26. Nxc6 a6 27. a4 Bf6 28. axb5 axb5 29. Kf1 Rac8 30. Ra6 Ra8 31. Rda1 Rac8 32. Ke2 Rfe8 33. f4 Bg7 34. Kd3 Rc7 35. Rb6 Rec8 36. Nb4 Rd8 37. Rxb5 Bf8 38. Kc4 h6 39. Rba5 g5 40. g3 gxf4 41. gxf4 h5 42. Ra7 Rcc8 43. Rb7 Bh6 44. Raa7 Rf8 45. Nd3 1-0

[Event "TUR-ch op"]
[Site "Antalya"]
[Date "2008.02.04"]
[Round "2.41"]
[White "Narman, Gokhan"]
[Black "Tekin, Gokberk"]
[Result "1-0"]
[WhiteElo "2093"]
[BlackElo "1448"]
[PlyCount "43"]
[EventDate "2008.02.04"]
[EventType "swiss"]
[EventRounds "11"]
[EventCountry "TUR"]
[SourceTitle "CBM 122 Extra"]
[Source "ChessBase"]
[SourceDate "2008.03.04"]
[SourceVersion "1"]
[SourceVersionDate "2008.03.04"]
[SourceQuality "1"]

1. d4 d5 2. c4 e6 3. Nc3 Nf6 4. Bg5 Nbd7 5. e3 Be7 6. Qc2 b6 7. cxd5 exd5 8. Bb5 a6 9. Bc6 Rb8 10. Bxf6 Bxf6 11. Nxd5 0-0 12. Nf3 Bb7 13. Nxf6+ Nxf6 14. Ne5 Qd6 15. 0-0 Bxc6 16. Qxc6 Rbd8 17. Rac1 Rc8 18. a3 Rfe8 19. Rc2 Qd8 20. Rfc1 Re6 21. Qb7 a5 22. Rxc7 1-0